Inovačná aktivita podnikov SR

Uložené v:
Podrobná bibliografia
Hlavný autor: Spišáková, Emília, 1983-
Médium: Kapitola
Jazyk:Slovak
Tagy: Pridať tag
Žiadne tagy, Buďte prvý, kto otaguje tento záznam!

MARC

LEADER 00000naa a2200000 4500
001 0146834
005 20240513090057.8
041 0 |a slo 
044 |a SK 
245 1 0 |a Inovačná aktivita podnikov SR  |c Emília Spišáková 
100 1 |a Spišáková, Emília, 1983-